| 000 | 00571nam a22001697a 4500 | ||
|---|---|---|---|
| 005 | 20260309100538.0 | ||
| 008 | 260309b |||||||| |||| 00| 0 eng d | ||
| 020 | _a978-93-5025-786-9 | ||
| 100 | _aTHAKUR, B B | ||
| 245 |
_aPOSTGRADUATE MEDICINE _bFUTURISTIC MEDICINE; RELEVANCE IN CLINICAL PRACTICE VOLUME 26 |
||
| 260 |
_aNEW DELHI _bTHE INDIAN COLLEGE OF PHYSICIANS ACADEMIC WING OF THE ASSOCIAN OF PHYSICIANS OF INDIA _c2012 |
||
| 300 | _aXXXVI, 640P. | ||
| 500 | _aINCLUDES INDEX | ||
| 650 | _a1. MEDICINE - PRACTICE | ||
| 700 | _aTEWARY, K. | ||
| 942 |
_2lcc _cBK |
||
| 999 |
_c216810 _d216810 |
||